|
|
|
|
| LEADER |
00000nas a2200000Ia 4500 |
| 001 |
ssj0000941343 |
| 003 |
WaSeSS |
| 005 |
20200512172242.0 |
| 006 |
m d |
| 007 |
cr n |
| 008 |
121130c20119999nz ar p s 0 a0eng |
| 022 |
|
|
|a 2230-5238
|l 2230-5238
|
| 035 |
|
|
|a (WaSeSS)ssj0000941343
|
| 040 |
|
|
|a DNLM
|c DNLM
|d WaSeSS
|
| 210 |
1 |
|
|a Res rep med chem
|b (Online)
|
| 222 |
|
0 |
|a Research and reports in medicinal chemistry
|b (Online)
|
| 245 |
0 |
0 |
|a Research and reports in medicinal chemistry
|h [electronic resource].
|
| 246 |
3 |
0 |
|a RRMC
|
| 260 |
|
|
|a Auckland, NZ :
|b Dove Medical Press,
|
| 310 |
|
|
|a Annual
|
| 362 |
1 |
|
|a Began with Vol. 1 (2011).
|
| 506 |
|
|
|a License restrictions may limit access.
|
| 516 |
|
|
|a Articles in PDF and Html format.
|
| 538 |
|
|
|a System requirements: Adobe acrobat reader.
|
| 588 |
|
|
|a Description based on: Vol. 1 (2011); title from journal home page (Publisher's Website, viewed Nov. 29, 2012).
|
| 588 |
|
|
|a Latest issue consulted: Vol. 2 (2012) (Viewed Nov. 29, 2012).
|
| 655 |
|
0 |
|a Electronic journals.
|
| 710 |
2 |
|
|a Dove Medical Press Ltd.
|
| 856 |
4 |
0 |
|z Full text available from Research Library: 01/01/2011 to 01/31/2016
|u https://search.proquest.com/publication/3933285
|
| 950 |
|
2 |
|a Chemistry, Pharmaceutical
|v Periodicals.
|
| 950 |
|
2 |
|a Drug Therapy
|v Periodicals.
|